Statistics for Rwanda Country Quiz

Click here to take the quiz!

General Stats

  • This quiz has been taken 12,261 times
    (12,207 since last reset)
  • The average score is 14 of 18

Answer Stats

HintAnswer% Correct
Bordering countriesD.R. Congo
96%
Bordering countriesUganda
95%
Rwanda is the 4th-smallest country on the African mainland.
Name one of the three countries that are smaller.
Gambia | Eswatini |
Djibouti
94%
Bordering countriesBurundi
93%
Bordering countriesTanzania
93%
Official languagesEnglish
90%
The other European country which colonized RwandaGermany
90%
Country from which Rwanda gained its independence in 1962Belgium
87%
Official languagesFrench
87%
Rwanda is one of only three countries where the majority of
people in Parliament are _____
Women
85%
Ethnic group who were the primary perpetratorsHutus
78%
Ethnic group who were the primary victims of genocide in 1994Tutsis
78%
Rwanda is one of only three countries where this primate lives in the wildMountain {Gorilla}
76%
Capital cityKigali
74%
Official languagesSwahili
74%
Official languagesKinyarwanda
42%
President since 2000, often considered a "benevolent dictator"Paul Kagame
30%
Great Lake that Rwanda bordersLake Kivu
26%

Score Distribution

Percentile by Number Answered

Percent of People with Each Score

Your Score History

You have not taken this quiz since the last reset